[Event "Sotra Varturneringen"]
[Site "Sotra"]
[Date "2006.03.09"]
[Round "4"]
[White "Frimanslund, Berge"]
[Black "Kallesoe, Torben"]
[Result "0-1"]
[WhiteElo "1116"]
[BlackElo "1403"]
[PlyCount "69"]
[EventDate "2006.01.19"]
[EventType "swiss"]
[EventRounds "9"]
[EventCountry "NOR"]
[SourceTitle "EXT 2007"]
[Source "ChessBase"]
[SourceDate "2006.11.23"]
[SourceVersion "1"]
[SourceVersionDate "2006.11.23"]
[SourceQuality "1"]

1. d4 d5 2. c4 e6 3. a3 Nf6 4. Nf3 Be7 5. e3 Nbd7 6. cxd5 exd5 7. Be2 Ne4 8. Nc3 Ndf6 9. Ne5 c6 10. 0-0 Bf5 11. Bd3 0-0 12. f3 Nd6 13. Bxf5 Nxf5 14. e4 dxe4 15. fxe4 Qxd4+ 16. Qxd4 Nxd4 17. Bg5 Rfe8 18. Nxf7 Kxf7 19. e5 Bc5 20. exf6 Nf3+ 21. Kh1 Nxg5 22. fxg7+ Kxg7 23. Rf5 Be7 24. Raf1 Rf8 25. h4 Rxf5 26. Rxf5 Nf7 27. h5 Nd6 28. Rf3 Bf6 29. Nd1 Re8 30. Rf1 Ne4 31. Kh2 Be5+ 32. Kh3 Ng3 33. Re1 Nxh5 34. Nf2 Nf4+ 35. Kh2 0-1

[Event "Sotra Hostturneringen"]
[Site "Sotra"]
[Date "2005.09.08"]
[Round "2"]
[White "Kallesoe, Torben"]
[Black "Skare, Nils Kare"]
[Result "0-1"]
[WhiteElo "1374"]
[BlackElo "1297"]
[PlyCount "109"]
[EventDate "2005.08.25"]
[EventType "swiss"]
[EventRounds "9"]
[EventCountry "NOR"]
[SourceTitle "EXT 2007"]
[Source "ChessBase"]
[SourceDate "2006.11.23"]
[SourceVersion "1"]
[SourceVersionDate "2006.11.23"]
[SourceQuality "1"]

1. d4 d5 2. Nf3 c5 3. Nc3 e6 4. Bg5 f6 5. Bf4 cxd4 6. Qxd4 Nc6 7. Qa4 Bd7 8. e3 a6 9. Ne2 e5 10. Qb3 exf4 11. Nxf4 Qa5+ 12. c3 Nge7 13. Rd1 0-0-0 14. Nxd5 Nxd5 15. Rxd5 Be6 16. Rxd8+ Nxd8 17. Bc4 Bxc4 18. Qxc4+ Qc5 19. Qd3 Nc6 20. 0-0 g6 21. Rd1 Be7 22. b4 Qb6 23. Qc4 Rd8 24. Nd4 Qc7 25. Qb3 Nxd4 26. cxd4 f5 27. a3 Bd6 28. g3 Kb8 29. Kg2 Rc8 30. Qe6 Qe7 31. Qb3 Qe4+ 32. Kg1 Qc2 33. Qxc2 Rxc2 34. Kg2 Kc7 35. h3 Kd7 36. g4 fxg4 37. hxg4 g5 38. Rh1 Ra2 39. Rxh7+ Be7 40. Kf3 Rxa3 41. Ke4 Rb3 42. Kf5 Rxb4 43. f4 gxf4 44. Kxf4 Ke6 45. g5 a5 46. g6 Bf6 47. Rc7 a4 48. Rc3 Rb3 49. Rc1 Bg7 50. Re1 a3 51. Kg5 a2 52. Ra1 Rb2 53. e4 Bxd4 54. Kh6 Rh2+ 55. Kg5 0-1

[Event "Sotra op1"]
[Site "Sotra"]
[Date "2004.03.18"]
[Round "6"]
[White "Eiken, Gunnar"]
[Black "Kallesoe, Torben"]
[Result "0-1"]
[WhiteElo "1473"]
[BlackElo "1321"]
[PlyCount "80"]
[EventDate "2004.01.15"]
[EventType "swiss"]
[EventRounds "9"]
[EventCountry "NOR"]
[SourceTitle "EXT 2008"]
[Source "ChessBase"]
[SourceDate "2007.11.25"]
[SourceVersion "1"]
[SourceVersionDate "2007.11.25"]
[SourceQuality "1"]

1. e4 e5 2. Nc3 Nf6 3. f4 d5 4. fxe5 Nxe4 5. d3 Bb4 6. Nge2 d4 7. dxe4 dxc3 8. Qxd8+ Kxd8 9. bxc3 Ba5 10. Bg5+ Ke8 11. 0-0-0 Nc6 12. Nf4 h6 13. e6 hxg5 14. exf7+ Kxf7 15. Bc4+ Ke8 16. Ng6 Rh6 17. Rhf1 Rxg6 18. Bf7+ Ke7 19. Bxg6 Be6 20. Kb2 Ne5 21. Bf5 Nc4+ 22. Kc1 Ne3 23. Bxe6 Kxe6 24. Rd5 Nxd5 25. exd5+ Ke7 26. Kd2 Rf8 27. Rb1 Bb6 28. Re1+ Kd7 29. g4 Rf2+ 30. Kd3 Rf3+ 31. Kd2 Rxc3 32. Re5 Rf3 33. Ke2 Rf2+ 34. Kd3 Rxh2 35. Rxg5 Rh3+ 36. Ke4 Re3+ 37. Kf5 Bd4 38. Kf4 Re7 39. Kf5 Re5+ 40. Kg6 Rxg5+ 0-1

[Event "Sotra Hostturneringen"]
[Site "Sotra"]
[Date "2003.08.28"]
[Round "1"]
[White "Woldseth, Ole"]
[Black "Kallesoe, Torben"]
[Result "1-0"]
[WhiteElo "1802"]
[BlackElo "1332"]
[PlyCount "79"]
[EventDate "2003.08.??"]
[EventType "swiss"]
[EventRounds "10"]
[EventCountry "NOR"]
[SourceTitle "EXT 2005"]
[Source "ChessBase"]
[SourceDate "2004.11.15"]
[SourceVersion "1"]
[SourceVersionDate "2004.11.15"]
[SourceQuality "1"]

1. Nf3 Nf6 2. d4 e6 3. Bg5 c5 4. e3 cxd4 5. exd4 d5 6. c3 Be7 7. Bd3 0-0 8. 0-0 Nbd7 9. Nbd2 Qc7 10. Re1 b6 11. Ne5 Bb7 12. Ndf3 h6 13. Nxd7 Qxd7 14. Ne5 Qd8 15. Bf4 Rc8 16. Qe2 Bd6 17. Rad1 Qe7 18. Bb1 a6 19. Rd3 Rcd8 20. Rg3 Bxe5 21. dxe5 Ne4 22. Bxe4 dxe4 23. Bxh6 f5 24. exf6 Qxf6 25. Bg5 Qf5 26. Bxd8 Rxd8 27. Rd1 Rf8 28. Rd7 Rf7 29. Rd8+ Rf8 30. Qd2 Bd5 31. Qd4 Qf7 32. Rxf8+ Kxf8 33. c4 Qc7 34. b3 a5 35. h4 Bc6 36. Rg6 Qf7 37. Qd6+ Kg8 38. Qxe6 Be8 39. Qxf7+ Kh7 40. Qxg7# 1-0

[Event "Sotra Varturneringen"]
[Site "Sotra"]
[Date "2003.05.22"]
[Round "10"]
[White "Kallesoe, Torben"]
[Black "Frimanslund, Berge"]
[Result "1-0"]
[WhiteElo "1326"]
[BlackElo "853"]
[PlyCount "92"]
[EventDate "2003.01.??"]
[EventType "tourn"]
[EventRounds "10"]
[EventCountry "NOR"]
[SourceTitle "EXT 2005"]
[Source "ChessBase"]
[SourceDate "2004.11.15"]
[SourceVersion "1"]
[SourceVersionDate "2004.11.15"]
[SourceQuality "1"]

1. d4 d5 2. c4 Bf5 3. Nc3 e6 4. Qb3 b6 5. cxd5 a5 6. e4 Bxe4 7. Nxe4 exd5 8. Nc3 Bb4 9. Nf3 Nf6 10. Bg5 0-0 11. Bxf6 Bxc3+ 12. bxc3 Qxf6 13. Qxd5 c6 14. Qg5 Re8+ 15. Kd2 Qe6 16. Bd3 h6 17. Qf5 Qxf5 18. Bxf5 Rd8 19. Rhe1 c5 20. Be4 Ra7 21. d5 Nd7 22. c4 Nf6 23. Rab1 Rd6 24. Bd3 g6 25. Ne5 Nh5 26. Nc6 Rb7 27. Nxa5 Ra7 28. Nc6 Rxa2+ 29. Bc2 Ra6 30. Kc3 Rf6 31. f3 Ra3+ 32. Rb3 Ra6 33. Be4 Nf4 34. g3 Nh3 35. Ne5 Rd6 36. f4 Ra2 37. Rb2 Ra3+ 38. Kc2 Nf2 39. Re2 Nh3 40. Bg2 f6 41. Bxh3 fxe5 42. fxe5 Rd8 43. Rxb6 Rda8 44. d6 R8a4 45. d7 Rxc4+ 46. Kb2 Rd4 1-0

[Event "NOR-chT2 north 0203"]
[Site "Masfjorden"]
[Date "2003.02.09"]
[Round "5"]
[White "Kallesoe, Torben"]
[Black "Birkestrand, Odd Helge"]
[Result "1/2-1/2"]
[WhiteElo "1326"]
[BlackElo "1577"]
[PlyCount "58"]
[EventDate "2002.10.??"]
[EventType "team"]
[EventRounds "7"]
[EventCountry "NOR"]
[SourceTitle "EXT 2005"]
[Source "ChessBase"]
[SourceDate "2004.11.15"]
[SourceVersion "1"]
[SourceVersionDate "2004.11.15"]
[SourceQuality "1"]

1. d4 Nf6 2. Nf3 b6 3. g3 Bb7 4. Bg2 g6 5. c4 Bg7 6. 0-0 0-0 7. Nc3 d6 8. Qc2 Nbd7 9. e4 Ne8 10. Rd1 e5 11. Be3 Qe7 12. Rac1 f6 13. Nd5 Qf7 14. b3 Rd8 15. Bh3 c6 16. Nc3 exd4 17. Nxd4 Nc7 18. Qd2 Rfe8 19. Bg2 Ne5 20. f4 Ng4 21. Re1 Nxe3 22. Rxe3 d5 23. cxd5 cxd5 24. exd5 Rxe3 25. Qxe3 Nxd5 26. Nxd5 Bxd5 27. Bxd5 Qxd5 28. Qe6+ Qxe6 29. Nxe6 Rd7 1/2-1/2

[Event "Sotra op"]
[Site "Sotra"]
[Date "2002.10.31"]
[Round "7"]
[White "Alikhani, Afshin"]
[Black "Kallesoe, Torben"]
[Result "1/2-1/2"]
[WhiteElo "1364"]
[BlackElo "1333"]
[PlyCount "150"]
[EventDate "2002.08.??"]
[EventType "swiss"]
[EventRounds "9"]
[EventCountry "NOR"]
[SourceTitle "EXT 2005"]
[Source "ChessBase"]
[SourceDate "2004.11.15"]
[SourceVersion "1"]
[SourceVersionDate "2004.11.15"]
[SourceQuality "1"]

1. f4 Nf6 2. Nf3 d5 3. e3 g6 4. b3 Bg7 5. Bb2 0-0 6. Bd3 Nbd7 7. 0-0 c6 8. f5 Nc5 9. fxg6 fxg6 10. Be2 Qb6 11. c4 Be6 12. Na3 Rac8 13. Nd4 Bf7 14. Qc2 Rfd8 15. Rac1 e5 16. cxd5 Nce4 17. Nc4 Qc7 18. d6 Nxd6 19. Nxe5 Bd5 20. Nxg6 hxg6 21. Qxg6 Qf7 22. Qxf7+ Kxf7 23. Nf5 Nxf5 24. Rxf5 Be4 25. Rf4 Rxd2 26. Bh5+ Bg6 27. Bxg6+ Kxg6 28. Bxf6 Bxf6 29. Rcf1 Rd6 30. h4 Rh8 31. g3 Rh7 32. Kg2 Re7 33. h5+ Kg7 34. g4 Bg5 35. Rf5 Kh6 36. Rf7 Rde6 37. R1f3 b5 38. Rxe7 Rxe7 39. Kf2 Re4 40. Rf7 Bxe3+ 41. Kf3 Re6 42. Rc7 Bb6 43. Rc8 Re7 44. Rxc6+ Kh7 45. Rg6 Bd4 46. Rd6 Bb6 47. Rd5 Re1 48. Rxb5 Rf1+ 49. Ke4 Re1+ 50. Kd3 Rg1 51. Rg5 Rg3+ 52. Kc4 Be3 53. Rg6 Bb6 54. b4 Be3 55. a4 Bb6 56. a5 Be3 57. Kb5 Bd4 58. Ka6 Be3 59. b5 Rg2 60. b6 axb6 61. axb6 Bxb6 62. Kxb6 Rb2+ 63. Kc5 Rd2 64. Rd6 Rg2 65. Rd4 Rg3 66. Kd5 Kh6 67. Ke5 Kg5 68. Re4 Rg2 69. Ke6 Rf2 70. Ke5 Rf1 71. Kd4 Rf3 72. Ke5 Rf2 73. Kd5 Rf3 74. Kd4 Rg3 75. Kd5 Rf3 1/2-1/2

[Event "Sotra op"]
[Site "Sotra"]
[Date "2002.10.24"]
[Round "6"]
[White "Skare, Nils Kare"]
[Black "Kallesoe, Torben"]
[Result "1-0"]
[WhiteElo "1351"]
[BlackElo "1333"]
[PlyCount "75"]
[EventDate "2002.08.??"]
[EventType "swiss"]
[EventRounds "9"]
[EventCountry "NOR"]
[SourceTitle "EXT 2005"]
[Source "ChessBase"]
[SourceDate "2004.11.15"]
[SourceVersion "1"]
[SourceVersionDate "2004.11.15"]
[SourceQuality "1"]

1. e4 Nf6 2. e5 Nd5 3. c4 Nb6 4. d4 d6 5. exd6 cxd6 6. Nc3 Nc6 7. Be3 g6 8. c5 dxc5 9. dxc5 Nd7 10. Bd4 Nxd4 11. Qxd4 e5 12. Qd5 Bxc5 13. Bb5 Qe7 14. 0-0-0 0-0 15. Ne4 Bd4 16. Bxd7 Rd8 17. Rxd4 Bxd7 18. Qd6 Rac8+ 19. Kd2 Bc6 20. Qxe7 Rxd4+ 21. Ke3 Rxe4+ 22. Kf3 h5 23. Ne2 Rg4+ 24. Ke3 Rxg2 25. Ng3 Rxg3+ 26. hxg3 Bxh1 27. f3 Rc6 28. Qxb7 Re6 29. Qxa7 e4 30. Qa8+ Kg7 31. fxe4 g5 32. Qd5 Kh6 33. a4 h4 34. gxh4 gxh4 35. a5 h3 36. Kf2 Bxe4 37. Qd2+ Kh5 38. Qf4 1-0